| 000 | 00375nam a2200145Ia 4500 | ||
|---|---|---|---|
| 008 | 230312s9999||||xx |||||||||||||| ||und|| | ||
| 020 | _a0-534-62415-4 | ||
| 082 |
_a791.4377 _bHAR-D |
||
| 100 | _aHarrington;Mary | ||
| 245 | 0 | _aDesign of Experiments in Neuroscience | |
| 260 |
_bThomson _aUSA _c2006 |
||
| 300 | _a193 | ||
| 650 |
_aMass com _vMass Communication |
||
| 942 | _cBK | ||
| 999 |
_c11512 _d11512 |
||